| 000 | 00683nam a2200217 a 4500 | ||
|---|---|---|---|
| 005 | 20240925064451.0 | ||
| 008 | 060329s2000 ag 000 0 spa d | ||
| 020 | _a987000010X | ||
| 035 | _aUPN01000144716 | ||
| 049 | _aCG | ||
| 050 | 4 |
_aHQ756 _bE5.3 |
|
| 245 | 0 | 3 |
_aLa encrucijada de la filiación : _btecnologías reproductivas y restitución de niños / _ccomp. Juan Jorge Michel Fariña. |
| 260 |
_aBuenos Aires : _bLumen-Hvmanitas, _cc2000. |
||
| 300 | _a232 p. | ||
| 440 | 0 | _aMinoridad y familia | |
| 650 | 2 |
_aPaternidad _96964 |
|
| 650 | 4 |
_aPadres e hijos _91360 |
|
| 650 | 4 |
_aCUSTODIA DEL NIÑO _912755 |
|
| 700 | 1 |
_aMichel Farina, Juan Jorge, _ecomp. |
|
| 905 | _aLibro | ||
| 999 |
_c116863 _d116863 |
||